Κατάλογος Βιβλιοθηκών Mediterranean College

Εισαγωγή στην κοινωνική ψυχολογία / (Record no. 9982)

MARC details
000 -LEADER
fixed length control field 04748nam a22002297a 4500
003 - ΤΑΥΤΟΤΗΤΑ ΤΟΥ ΑΡΙΘΜΟΥ ΕΛΕΓΧΟΥ
Πεδίο ελέγχου GR-AtMCL
005 - ΗΜΕΡΟΜΗΝΙΑ ΚΑΙ ΩΡΑ ΤΕΛΕΥΤΑΙΑΣ ΕΝΗΜΕΡΩΣΗΣ
Πεδίο ελέγχου 20251209120748.0
006 - FIXED-LENGTH DATA ELEMENTS--ADDITIONAL MATERIAL CHARACTERISTICS
Πεδίο ελέγχου σταθερού μήκους a|||||r|||||||||||
008 - FIXED-LENGTH DATA ELEMENTS--GENERAL INFORMATION
Πεδίο ελέγχου σταθερού μήκους n|||||||| d g ||| gre d
020 ## - ISBN
ISBN 9789600236200
040 ## - ΠΗΓΗ ΚΑΤΑΛΟΓΟΓΡΑΦΗΣΗΣ
Γλώσσα καταλογογράφησης Ελληνικά, Μοντέρνα (1453-)
Φορέας πρωτότυπης καταλογογράφησης MC Athens Campus Library
Modifying agency MC Athens Campus Library
Κανόνες περιγραφικής καταλογογράφησης AACR2
041 1# - ΓΛΩΣΣΑ
Κωδικός γλώσσας πρωτότυπου Αγγλικά
245 00 - ΤΙΤΛΟΣ ΚΑΙ ΔΗΛΩΣΗ ΥΠΕΥΘΥΝΟΤΗΤΑΣ
Τίτλος Εισαγωγή στην κοινωνική ψυχολογία /
Statement of responsibility, etc. επιμέλεια Miles Hewstone, Wolfgang Stroebe, Klaus Jonas ; μετάφραση Τίνα Πλυτά
250 ## - EDITION STATEMENT
Edition statement 2η έκδ.
260 ## - PUBLICATION, DISTRIBUTION, ETC.
Place of publication, distribution, etc. Αθήνα :
Name of publisher, distributor, etc. Εκδόσεις Παπαζήση,
Date of publication, distribution, etc. 2020
300 ## - PHYSICAL DESCRIPTION
Extent 750 σ. :
Other physical details εικ. ;
Διαστάσεις 29 εκ.
500 ## - GENERAL NOTE
Γενική σημείωση Τίτλος πρωτοτύπου: An introduction to social psychology
520 ## - SUMMARY, ETC.
Summary, etc. Για περισσότερα από 25 χρόνια το Εισαγωγή στην Κοινωνική Ψυχολογία συνδυάζει την παραδοσιακή επιστημονική αυστηρότητα με ένα σύγχρονο επίπεδο προσβασιμότητας, παιδαγωγικής και στήριξης των διδασκόντων, για να προσφέρει έναν οριστικό οδηγό στον συναρπαστικό και διαρκώς εξελισσόμενο χώρο της κοινωνικής ψυχολογίας. Αυτή η έκτη αγγλική και δεύτερη ελληνική έκδοση, πλήρως αναθεωρημένη και εκσυγχρονισμένη για να παρουσιάσει τρέχοντα ζητήματα του χώρου και την υποκείμενή τους θεωρία, έχει σχεδιαστεί ειδικά για να καλύψει τις ανάγκες φοιτητών και φοιτητριών σε όλα τα επίπεδα, με κείμενα που έχουν συντάξει πρωτοπόροι ψυχολόγοι, που χαίρουν αναγνώρισης ως ειδικοί στα θέματα που καλύπτονται στο κάθε αντίστοιχο κεφάλαιο. Το κείμενο επωφελείται σε πολύ μεγάλο βαθμό από ένα εκσυγχρονισμένο πλήθος καινοτόμων παιδαγωγικών χαρακτηριστικών, τα οποία έχουν σκοπό να κινητοποιήσουν τη φαντασία, σε συνδυασμό με μια αυστηρή προσέγγιση ως προς την επιμέλεια, με αποτέλεσμα να υπάρχει ένα συνεκτικό και ομοιόμορφο στιλ που είναι προσβάσιμο από όλους. Κάθε κεφάλαιο αναφέρεται τόσο σε σημαντικά θέματα όσο και σε βασικές μελέτες δείχνοντας πώς ο συναφής ερευνητικός χώρος έχει αναπτυχθεί στην πάροδο των ετών και συνδέοντας κλασικές και σύγχρονες θεωρήσεις. Στα βασικά γνωρίσματα αυτού του ιδιαίτερα επιτυχημένου εγχειριδίου περιλαμβάνονται: - Πλήρης κάλυψη όλων των σημαντικών θεωριών και θεμάτων. - Συζητήσεις που εστιάζουν σε σημαντικές ερευνητικές μελέτες και στις συνέπειες των ευρημάτων τους. - Περιγραφές της εφαρμογής της θεωρίας και της έρευνας στην πραγματική ζωή παρουσιάζονται σε όλη την έκταση του εγχειριδίου στα ένθετα "Κοινωνική Ψυχολογία πέρα από το εργαστήριο". - Ένθετα "Ατομικών διαφορών", τα οποία λειτουργούν ως παραδείγματα και περιέχουν στοιχεία από κλίμακες που χρησιμοποιούνται για τη μέτρηση μεταβλητών που συζητούνται στα κεφάλαια. - Σαφή συμπεράσματα, προτάσεις για περαιτέρω μελέτη και μαθησιακές ερωτήσεις για να παρακολουθείτε την πρόοδό σας. - Συνοπτικές βιογραφίες των "Πρωτοπόρων στον χώρο", τόσο κλασικών όσο και σύγχρονων επιστημόνων από όλον τον κόσμο που είχαν σημαντικό αντίκτυπο στον ερευνητικό τους τομέα.
650 #0 - SUBJECT ADDED ENTRY--TOPICAL TERM
Topical term or geographic name entry element Ψυχολογία
9 (RLIN) 9898
942 ## - ADDED ENTRY ELEMENTS (KOHA)
Koha item type Books
Holdings
Τύπος τεκμηρίου Βιβλιοθήκη Τρέχουσα τοποθεσία Barcode Αριθμός εισαγωγής Ημερομηνία απόκτησης Ταξιθετικό σύμβολο Αριθμός αντιτύπου Κατάσταση απόσυρσης Κατάσταση χαμένου Κατάσταση κατεστραμμένου Μη δανεισμός Σύνολο δανεισμών Ημερομηνία τελευταίας εμφάνισης Η τιμή ισχύει από
Books MC Athens Campus Library MC Athens Campus Library 9780000099846 8182 09/12/2025 302 HEW 1       Μη δανειζόμενο   09/12/2025 09/12/2025

MC Athens Campus Library
Πατησίων 94 & Κοδριγκτώνος 13, 104 34
Πελλήνης 8 & Πατησίων 107, 112 51
Τ: +30 210 8899600

MC Thessaloniki Campus Library
Ίωνος Δραγούμη 21, 54625 | Ίωνος Δραγούμη 15, 54625
Τ: +30 2310 287779 – Τ: +30 2314 440300